| 000 | 00435nam a2200181Ia 4500 | ||
|---|---|---|---|
| 008 | 220531s9999 xx 000 0 und d | ||
| 041 | _aeng | ||
| 082 | _bDIC | ||
| 100 |
_aDickens, Charles _942583 |
||
| 245 | _aDavid Copperfield | ||
| 250 | _a1ST | ||
| 260 |
_bUBSPD _c1999 |
||
| 300 | _a918 | ||
| 542 | _d03-08-2000 | ||
| 650 |
_aEnglish _942584 |
||
| 906 |
_d2000-2001 _d2014-2015 _eWrite Off _f7745 |
||
| 999 |
_c25378 _d25378 |
||